Queen : plus gros succès Spotify - Statistiques

Statistiques générales
  • Ce quiz a été pris 617 fois
    179 depuis la dernière actualisation
  • Le résultat moyen est 17 sur 32
Statistiques - réponses
Nombres d'écoutes Titre % Correct
2 707 669 932 Bohemian Rhapsody
98%
1 461 489 076 We Will Rock You
89%
2 237 104 728 Don't Stop Me Now
83%
168 383 289 Don't Stop Me Now - Revisited
83%
787 177 941 We Are The Champions
82%
122 272 205 We Are The Champions - Live Aid
82%
942 852 955 Killer Queen
75%
626 077 880 Radio Ga Ga
72%
185 955 286 Radio Ga Ga - Live Aid
72%
295 823 794 I Want To Break Free
71%
316 574 912 I Want To Break Free (du film Bohemian Rhapsody)
71%
671 974 467 I Want To Break Free - Single Remix
71%
454 007 099 The Show Must Go On
71%
2 093 365 902 Another One Bites The Dust
68%
1 809 187 037 Under Pressure
66%
967 996 378 Somebody To Love
54%
498 325 297 Love Of My Life
51%
298 175 412 A Kind Of Magic
46%
126 048 236 Hammer To Fall
43%
1 053 173 339 Crazy Little Thing Called Love
42%
164 072 658 Bicycle Race
40%
210 420 088 I Want It All
39%
328 380 839 Fat Bottomed Girls
38%
129 236 169 Who Wants To Live Forever
32%
388 854 889 You're My Best Friend
30%
372 270 189 Good Old-Fashioned Lover Boy
22%
107 026 539 Friends Will Be Friends
15%
111 695 890 Save Me
15%
100 470 359 Seven Seas Of Rhye
14%
112 048 521 Cool Cat
8%
119 034 671 Too Much Love Will Kill You
6%
310 628 449 Thank God It's Christmas
4%
Aucun quiz correspondant
Distribution des résultats
% des personnes avec chaque résultat
Percentile par nombre de réponses
Votre historique - résultats
Vous n’avez pas pris ce quiz depuis la dernière actualisation